[Event "Elit(Wasa-Vasteras)"]
[Site "?"]
[Date "2024.01.20"]
[Round "5"]
[White "Cramling, Dan"]
[Black "Janse, Love"]
[Result "1-0"]
[WhiteElo "2305"]
[BlackElo "2206"]
[PlyCount "55"]

1. d4 f5 2. Nf3 Nf6 3. g3 g6 4. Bg2 Bg7 5. O-O O-O 6. b3 d6 7. Bb2 c6 8. Nbd2
Qe8 9. Re1 h6 10. e4 Qf7 11. e5 Nh5 12. Qe2 f4 13. e6 Qe8 14. Nh4 g5 15. Bf3
Nxg3 16. fxg3 gxh4 17. Bh5 f3 18. Bxf3 Qg6 19. Rac1 hxg3 20. Bh5 gxh2+ 21. Kh1
Qg5 22. Bf7+ Rxf7 23. exf7+ Kxf7 24. Nf3 Qf6 25. d5 e5 26. dxe6+ Qxe6 27. Ng5+
hxg5 28. Qh5+ 1-0

[Event "Elit(Eksjo-Limhamn)"]
[Site "?"]
[Date "2024.01.20"]
[Round "5"]
[White "Rajcevski, Dejan"]
[Black "Helgason, Reynir"]
[Result "0-1"]
[WhiteElo "2090"]
[BlackElo "2253"]
[PlyCount "72"]
[SourceVersionDate "2024.01.28"]

1. d4 d5 2. Bf4 e6 3. e3 Bd6 4. Bg3 Nf6 5. Nd2 c5 6. Ngf3 Qc7 7. c4 cxd4 8.
Nxd4 Bxg3 9. hxg3 Nc6 10. Nb5 Qe7 11. c5 O-O 12. Bd3 h6 13. Rc1 e5 14. Nd6 e4
15. Be2 d4 16. N2c4 d3 17. Nxc8 Rfxc8 18. Bg4 Rd8 19. Nd2 Rd5 20. O-O Rxc5 21.
Bh3 Rd8 22. Qa4 Rdd5 23. a3 g5 24. g4 Rxc1 25. Rxc1 Rc5 26. Rc3 Rxc3 27. bxc3
Qc5 28. Qb3 b5 29. g3 Na5 30. Qb4 Qxb4 31. cxb4 Nc4 32. Nxc4 bxc4 33. Kf1 c3
34. Ke1 Kf8 35. Bg2 Ke7 36. f3 Nd5 0-1

[Event "Elit(Rockaden, Sthlm-Stockholms SS)"]
[Site "?"]
[Date "2024.01.20"]
[Round "5"]
[White "Hauge, Lars Oskar"]
[Black "Blomqvist, Erik"]
[Result "1/2-1/2"]
[WhiteElo "2490"]
[BlackElo "2515"]
[PlyCount "81"]

1. e4 e5 2. Nf3 Nc6 3. Bb5 a6 4. Ba4 Nf6 5. O-O b5 6. Bb3 Bc5 7. d3 O-O 8. a4
Rb8 9. axb5 axb5 10. Nc3 d6 11. h3 h6 12. Nd5 Nxd5 13. Bxd5 Ne7 14. Bb3 Ng6 15.
Be3 Bxe3 16. fxe3 c5 17. Qe1 Qe7 18. Nd2 Be6 19. Bxe6 fxe6 20. Rxf8+ Nxf8 21.
Nf3 Nh7 22. Ra6 b4 23. Qh4 Qxh4 24. Nxh4 Rd8 25. Nf3 Nf6 26. Nd2 Kf7 27. Nc4
Ke7 28. Na5 Rd7 29. Kf2 g5 30. Nc4 h5 31. Ra8 Kf7 32. Ke2 Ke7 33. Nb6 Rb7 34.
Ra6 Rc7 35. Nc4 Rd7 36. Nd2 g4 37. hxg4 Nxg4 38. Nc4 Rd8 39. Ra7+ Kf6 40. Ra6
Ke7 41. Ra7+ 1/2-1/2

[Event "Elit(Vaxjo-LASK)"]
[Site "?"]
[Date "2024.01.20"]
[Round "5"]
[White "Thybo, Jesper Sondergaard"]
[Black "Solodovnichenko, Yuri"]
[Result "1-0"]
[WhiteElo "2533"]
[BlackElo "2477"]
[PlyCount "85"]
[SourceVersionDate "2024.01.28"]

1. d4 d5 2. Nf3 Nf6 3. c4 c6 4. cxd5 cxd5 5. Nc3 Nc6 6. Bf4 Bf5 7. e3 e6 8. Qb3
Bb4 9. Bb5 Qa5 10. O-O Bxc3 11. bxc3 O-O 12. c4 a6 13. Bxc6 bxc6 14. c5 Qb5 15.
Ne5 Rfc8 16. f3 h6 17. g4 Bh7 18. Rf2 Ra7 19. Qc3 Rb7 20. a4 Qb3 21. Qxb3 Rxb3
22. Raa2 g5 23. Bg3 h5 24. h3 h4 25. Bh2 Rxe3 26. Rfb2 Re1+ 27. Kg2 Ne4 28. Rb7
Nc3 29. Rd2 Rb1 30. Rxb1 Nxb1 31. Rb2 f6 32. Nd7 Kg7 33. Rb7 Kh6 34. Nxf6 Bc2
35. Nd7 Nc3 36. Bd6 e5 37. Bxe5 Bxa4 38. Bg7+ Kh7 39. Ne5 Ne2 40. Bf8+ Kg8 41.
Bh6 Nf4+ 42. Kh2 Ne6 43. Re7 1-0

[Event "Elit(Rockaden, Sthlm-Stockholms SS)"]
[Site "?"]
[Date "2024.01.20"]
[Round "5"]
[White "Hammer, Jon Ludvig"]
[Black "Lokander, Martin"]
[Result "1/2-1/2"]
[WhiteElo "2612"]
[BlackElo "2452"]
[PlyCount "26"]

1. e4 e5 2. Nf3 Nc6 3. Bc4 Nf6 4. d3 d5 5. exd5 Nxd5 6. O-O Nb6 7. Bb3 Bg4 8.
Re1 Qe7 9. h3 Bh5 10. g4 Bg6 11. a4 a5 12. Bg5 f6 13. Be3 O-O-O 1/2-1/2

[Event "Elit(Vaxjo-LASK)"]
[Site "?"]
[Date "2024.01.20"]
[Round "5"]
[White "Sumets, Andrey"]
[Black "Holm, Kristian Stuvik"]
[Result "1/2-1/2"]
[WhiteElo "2513"]
[BlackElo "2484"]
[PlyCount "35"]
[SourceVersionDate "2024.01.28"]

1. d4 Nf6 2. c4 e6 3. Nf3 d5 4. Nc3 Be7 5. g3 O-O 6. Bg2 Nbd7 7. Qd3 b6 8. cxd5
Nxd5 9. Nxd5 exd5 10. O-O Bb7 11. Bf4 c5 12. dxc5 bxc5 13. Rfd1 Nf6 14. Rac1
Qb6 15. Qc2 a5 16. Nd2 Rfe8 17. Nb1 d4 18. Bxb7 1/2-1/2

[Event "Elit(Rockaden, Sthlm-Stockholms SS)"]
[Site "?"]
[Date "2024.01.20"]
[Round "5"]
[White "Westerberg, Jonathan"]
[Black "Sorensen, Hampus"]
[Result "1/2-1/2"]
[WhiteElo "2469"]
[BlackElo "2458"]
[PlyCount "49"]

1. e4 e5 2. Nf3 Nc6 3. Bc4 Nf6 4. Qe2 Be7 5. d4 d6 6. dxe5 Nxe5 7. Nxe5 dxe5 8.
O-O c6 9. a4 O-O 10. c3 a5 11. Nd2 Bg4 12. f3 Bc5+ 13. Kh1 Bc8 14. Nb3 Bb6 15.
Bg5 h6 16. Bh4 g5 17. Bf2 Nh5 18. Rad1 Qc7 19. Bxb6 Qxb6 20. Rd6 Nf4 21. Qf2
Qxf2 22. Rxf2 Be6 23. Bxe6 Nxe6 24. Rfd2 b5 25. Nc1 1/2-1/2

[Event "Elit(Vaxjo-LASK)"]
[Site "?"]
[Date "2024.01.20"]
[Round "5"]
[White "Storme, Isak"]
[Black "Lindberg, Bengt"]
[Result "1-0"]
[WhiteElo "2443"]
[BlackElo "2342"]
[PlyCount "77"]
[SourceVersionDate "2024.01.28"]

1. d4 Nf6 2. c4 e6 3. Nf3 d5 4. g3 Be7 5. Bg2 O-O 6. O-O dxc4 7. Qc2 a6 8. a4
Bd7 9. Qxc4 Bc6 10. Bf4 a5 11. Nc3 Na6 12. Rad1 Nb4 13. Ne5 Bxg2 14. Kxg2 Nbd5
15. Bc1 Nxc3 16. bxc3 Qd5+ 17. f3 Qxc4 18. Nxc4 c6 19. Bg5 b5 20. Ne5 Rfc8 21.
Rb1 b4 22. cxb4 axb4 23. Rfc1 Rxa4 24. Nxc6 Kf8 25. e4 Ng8 26. Bf4 Ke8 27. d5
exd5 28. exd5 f6 29. g4 g5 30. Bg3 Ra2+ 31. Kh3 Rd2 32. Rd1 Rxd1 33. Rxd1 Bc5
34. Rc1 Bf8 35. Rb1 Kd7 36. Ra1 Bc5 37. Ra5 Bd6 38. Ra7+ Rc7 39. Ra8 1-0

[Event "Elit(Rockaden, Sthlm-Stockholms SS)"]
[Site "?"]
[Date "2024.01.20"]
[Round "5"]
[White "Neiksans, Arturs"]
[Black "Thorn, Eric"]
[Result "1-0"]
[WhiteElo "2588"]
[BlackElo "2382"]
[PlyCount "105"]

1. e4 e5 2. Nf3 Nc6 3. Bc4 Nf6 4. d3 Be7 5. O-O O-O 6. Re1 d6 7. a4 Kh8 8. h3
Ng8 9. Nc3 f5 10. Nd5 fxe4 11. dxe4 Nf6 12. a5 Nxd5 13. exd5 Nb8 14. Be3 Nd7
15. a6 Nb6 16. Bb5 bxa6 17. Bc6 Rb8 18. b3 e4 19. Nd4 Bf6 20. Ba4 Bxd4 21. Qxd4
Qh4 22. Bd2 Bf5 23. Re3 Bg6 24. Rg3 Rf5 25. Bc6 Rbf8 26. Be3 Qh5 27. c4 R5f7
28. Rxa6 Nc8 29. Kh2 h6 30. Ra1 Ne7 31. Bd7 Bf5 32. Be6 Rf6 33. Rg4 Bxg4 34.
Bxg4 Qg6 35. Rxa7 h5 36. Bd7 Nf5 37. Bxf5 Rxf5 38. Rxc7 Rf3 39. Re7 R3f6 40.
Rxe4 Rb8 41. Rh4 Kg8 42. Qd1 Rf5 43. Rd4 Qf6 44. Qd3 Qe5+ 45. f4 Qf6 46. Re4
Ra8 47. Re6 Qf7 48. Qe4 Ra2 49. Bd4 Kf8 50. Rxd6 Ra8 51. Be5 Re8 52. b4 g5 53.
Rh6 1-0

[Event "Elit(Vaxjo-LASK)"]
[Site "?"]
[Date "2024.01.20"]
[Round "5"]
[White "Hillarp, Tiger"]
[Black "Smith, Axel"]
[Result "1/2-1/2"]
[WhiteElo "2491"]
[BlackElo "2421"]
[PlyCount "249"]
[SourceVersionDate "2024.01.28"]

1. Nf3 d5 2. g3 c5 3. Bg2 Nc6 4. O-O e5 5. d3 Be7 6. Na3 Nf6 7. e4 O-O 8. c3
Re8 9. exd5 Nxd5 10. Re1 Bf6 11. Nc4 Bf5 12. Bg5 Nb6 13. Ne3 Be6 14. Bxf6 Qxf6
15. Nd2 Rad8 16. Be4 g6 17. a4 Qe7 18. a5 Nd5 19. Nxd5 Bxd5 20. Qa4 Kg7 21. a6
Bxe4 22. Nxe4 f5 23. axb7 Nb8 24. Nd2 Rxd3 25. Nc4 e4 26. Rad1 Rxd1 27. Rxd1
Rd8 28. Rxd8 Qxd8 29. Kf1 Qd5 30. Qb3 e3 31. Ke2 exf2 32. Kxf2 g5 33. Qa4 Qxb7
34. Qe8 g4 35. Qe5+ Kg6 36. Qe6+ Kg5 37. Qe3+ Kh5 38. Qxc5 Qf3+ 39. Ke1 Qh1+
40. Kd2 Qxh2+ 41. Kc1 Qh1+ 42. Kc2 Qe4+ 43. Kb3 Nc6 44. Nd6 Qe6+ 45. c4 Ne5 46.
Ka4 Kg6 47. b4 h5 48. b5 h4 49. gxh4 g3 50. Qd4 g2 51. Kb4 Nf3 52. h5+ Kxh5 53.
Qh8+ Kg6 54. Ne8 Qf7 55. Nd6 g1=Q 56. Nxf7 Qb1+ 57. Kc5 Qg1+ 58. Kd5 Qd1+ 59.
Ke6 Qe2+ 60. Ne5+ Nxe5 61. Qf6+ Kh7 62. Qxe5 Qxc4+ 63. Kf6 Qh4+ 64. Kxf5 Qf2+
65. Ke6 Qb6+ 66. Kd7 a6 67. Qh2+ Kg7 68. Qg2+ Kh7 69. Qc2+ Kg7 70. Qc3+ Kh7 71.
Qd3+ Kh6 72. bxa6 Kg5 73. Qc4 Qa7+ 74. Kd6 Qb6+ 75. Qc6 Qd8+ 76. Ke6 Qf6+ 77.
Kd7 Qf7+ 78. Kd6 Kh4 79. Qe4+ Kg3 80. Qe5+ Kf2 81. Kc6 Kg1 82. Qd4+ Kh2 83. a7
Qe8+ 84. Kb6 Qe6+ 85. Kc5 Qf5+ 86. Kb4 Qf8+ 87. Qc5 Qf4+ 88. Ka3 Qf3+ 89. Ka4
Qd1+ 90. Kb5 Qd7+ 91. Kb6 Qe6+ 92. Qc6 Qb3+ 93. Kc7 Qf7+ 94. Qd7 Qc4+ 95. Kb8
Qb4+ 96. Kc8 Qf8+ 97. Qd8 Qf5+ 98. Qd7 Qf8+ 99. Kc7 Qc5+ 100. Kb8 Qb4+ 101. Qb7
Qf8+ 102. Qc8 Qb4+ 103. Ka8 Qe4+ 104. Qb7 Qd4 105. Qc7+ Kg1 106. Kb7 Qe4+ 107.
Qc6 Qe7+ 108. Kb6 Qb4+ 109. Qb5 Qd6+ 110. Kb7 Qe7+ 111. Ka6 Qa3+ 112. Qa5 Qd3+
113. Kb6 Qd8+ 114. Ka6 Qc8+ 115. Kb5 Qd7+ 116. Kc4 Qe6+ 117. Kd3 Qd6+ 118. Ke4
Qe7+ 119. Kf4 Qf7+ 120. Kg4 Qd7+ 121. Kf4 Qf7+ 122. Ke4 Qe7+ 123. Kd3 Qd6+ 124.
Kc4 Qe6+ 125. Kd3 1/2-1/2

[Event "Elit(Rockaden, Sthlm-Stockholms SS)"]
[Site "?"]
[Date "2024.01.20"]
[Round "5"]
[White "Olund, Joar"]
[Black "Barkhagen, Jonas"]
[Result "1/2-1/2"]
[WhiteElo "2362"]
[BlackElo "2419"]
[PlyCount "28"]

1. d4 Nf6 2. Bg5 e6 3. e3 h6 4. Bh4 Be7 5. Nd2 d6 6. Ngf3 b6 7. e4 Bb7 8. Bd3
Nh5 9. Bxe7 Qxe7 10. g3 Nf6 11. Qe2 e5 12. O-O O-O 13. a3 exd4 14. Nxd4 Nbd7
1/2-1/2

[Event "Elit(Vaxjo-LASK)"]
[Site "?"]
[Date "2024.01.20"]
[Round "5"]
[White "Tikkanen, Hans"]
[Black "Rydstrom, Tom"]
[Result "1/2-1/2"]
[WhiteElo "2483"]
[BlackElo "2259"]
[PlyCount "60"]
[SourceVersionDate "2024.01.28"]

1. d4 d5 2. Nf3 Nf6 3. Bf4 c5 4. e3 cxd4 5. exd4 Bf5 6. c3 Nc6 7. Nbd2 h6 8.
Ne5 Nxe5 9. dxe5 Nd7 10. g4 Bh7 11. e6 fxe6 12. Nf3 Qb6 13. Bd3 g5 14. Be5 Nxe5
15. Nxe5 Bxd3 16. Qxd3 Rg8 17. Qh7 Rg7 18. Qxh6 O-O-O 19. O-O-O Rg8 20. Qh7 Bg7
21. Rhe1 Bf6 22. Qc2 Bxe5 23. Rxe5 Rdf8 24. Rd2 Rh8 25. Qg6 Rxh2 26. Qxe6+ Qxe6
27. Rxe6 Rfxf2 28. Rxf2 Rxf2 29. Re5 Rg2 30. Rxg5 Kc7 1/2-1/2

[Event "Elit(Wasa-Stockholms SS)"]
[Site "?"]
[Date "2024.01.19"]
[Round "4"]
[White "Ostlund, Joar"]
[Black "Renman, Nils-Gustaf"]
[Result "1-0"]
[WhiteElo "2328"]
[BlackElo "2325"]
[PlyCount "67"]
[SourceVersionDate "2024.01.26"]

1. d4 d5 2. c4 c6 3. Nf3 Nf6 4. Nc3 e6 5. Bg5 h6 6. Bxf6 Qxf6 7. e3 Nd7 8. Be2
Qd8 9. O-O Be7 10. Qc2 O-O 11. Rfd1 b6 12. Rac1 Bb7 13. e4 dxe4 14. Nxe4 Qc7
15. c5 Rad8 16. b4 f5 17. Nc3 bxc5 18. bxc5 Nf6 19. Re1 Nd5 20. Nxd5 exd5 21.
Bd3 Bc8 22. Ne5 Rf6 23. Re2 Bf8 24. Rce1 g6 25. h4 h5 26. Nf3 Kg7 27. Qd2 f4
28. Ng5 Kg8 29. Qc2 Kg7 30. Re6 Qa5 31. Bxg6 Bxe6 32. Rxe6 Rxe6 33. Nxe6+ Kh6
34. Qf5 1-0

[Event "Elit(Vasteras-Orgryte)"]
[Site "?"]
[Date "2024.01.19"]
[Round "4"]
[White "Norberg, Johan"]
[Black "Kumar, Rahul"]
[Result "1/2-1/2"]
[WhiteElo "2263"]
[BlackElo "2242"]
[PlyCount "69"]
[SourceVersionDate "2024.01.26"]

1. e4 d6 2. d4 c6 3. c4 e5 4. Nf3 Bg4 5. d5 Nf6 6. Nc3 Be7 7. Be2 O-O 8. Be3
Nbd7 9. O-O a6 10. Nd2 Bxe2 11. Qxe2 Re8 12. b4 Rc8 13. dxc6 bxc6 14. Rab1 d5
15. exd5 cxd5 16. Nxd5 Nxd5 17. cxd5 Nf6 18. Rfd1 Qxd5 19. Nf3 Qe6 20. b5 Nd5
21. Bd2 Bf6 22. Qe4 axb5 23. Rxb5 Ne7 24. Ng5 Bxg5 25. Bxg5 f6 26. Be3 Qxa2 27.
h3 Qe2 28. Rdb1 Rc1+ 29. Rxc1 Qxb5 30. Rc7 Qd5 31. Qa4 Qd8 32. Bc5 Nf5 33. g4
Nd4 34. Rd7 Qa8 35. Qxa8 1/2-1/2

[Event "Elit(Eksjo-Vaxjo)"]
[Site "?"]
[Date "2024.01.19"]
[Round "4"]
[White "Malesevic, Nedeljko"]
[Black "Olofsson-Dolk, Mattis"]
[Result "1/2-1/2"]
[WhiteElo "2219"]
[BlackElo "2210"]
[PlyCount "86"]
[SourceVersionDate "2024.01.27"]

1. d4 Nf6 2. c4 g6 3. Nc3 d5 4. Nf3 Bg7 5. Qb3 dxc4 6. Qxc4 O-O 7. e4 a6 8. e5
b5 9. Qb3 Nfd7 10. e6 fxe6 11. Ng5 Nf6 12. Nxe6 Bxe6 13. Qxe6+ Kh8 14. Be3 Qd6
15. Qxd6 cxd6 16. Be2 Nc6 17. Bf3 Rac8 18. Rd1 Na5 19. O-O Nc4 20. Bc1 Rc7 21.
Ne4 Nxe4 22. Bxe4 Bf6 23. b3 Na5 24. Be3 Nc6 25. Rd2 Rfc8 26. f4 Nb4 27. Rfd1
e6 28. d5 Nxd5 29. Bxd5 exd5 30. Rxd5 Be7 31. Kf2 Kg7 32. Kf3 Kf7 33. g4 Rc2
34. R1d2 Rc1 35. Rf2 R8c3 36. Re2 R1c2 37. Rdd2 Rxd2 38. Rxd2 Ke6 39. Ke2 d5
40. Rd3 Rc2+ 41. Rd2 Rc3 42. Rd3 Rc2+ 43. Rd2 Rc3 1/2-1/2

[Event "Elit(Wasa-Stockholms SS)"]
[Site "?"]
[Date "2024.01.19"]
[Round "4"]
[White "Ertan, Can"]
[Black "Cramling, Dan"]
[Result "0-1"]
[WhiteElo "2358"]
[BlackElo "2305"]
[PlyCount "86"]
[SourceVersionDate "2024.01.26"]

1. e4 Nf6 2. e5 Nd5 3. d4 d6 4. c4 Nb6 5. exd6 cxd6 6. Nc3 g6 7. h4 h6 8. f4 h5
9. Bd3 Bg7 10. Be3 Bg4 11. Nge2 e6 12. c5 dxc5 13. dxc5 Nd5 14. Nxd5 Qxd5 15.
Qa4+ Nc6 16. O-O-O Bf5 17. Bxf5 Qxf5 18. Ng3 Qg4 19. Ne4 O-O 20. Rd2 Ne7 21.
Qd1 Nd5 22. Qxg4 hxg4 23. Bd4 b6 24. Kb1 bxc5 25. Bxc5 Rfc8 26. Bd6 Rc6 27. Be5
f6 28. Bd4 f5 29. Ng5 Nxf4 30. Bxg7 Kxg7 31. Rd7+ Kg8 32. g3 Nh5 33. Re1 Nxg3
34. Rxe6 Rxe6 35. Nxe6 Nh5 36. Nc7 Rf8 37. Ne6 Re8 38. Nd4 g3 39. Rd6 Kf7 40.
Nf3 g2 41. Kc2 Re1 42. Rd1 Rf1 43. Ng1 f4 0-1

[Event "Elit(Vasteras-Orgryte)"]
[Site "?"]
[Date "2024.01.19"]
[Round "4"]
[White "Arnelind, Mikael"]
[Black "Landgren, Andreas"]
[Result "0-1"]
[WhiteElo "2206"]
[BlackElo "2228"]
[PlyCount "78"]
[SourceVersionDate "2024.01.26"]

1. d4 Nf6 2. c4 e6 3. Nc3 Bb4 4. e3 O-O 5. Bd3 d5 6. Nf3 c5 7. O-O cxd4 8. exd4
dxc4 9. Bxc4 b6 10. Bg5 Bb7 11. Qe2 Nbd7 12. Ne5 Bxc3 13. bxc3 Qc7 14. Nxd7
Qxd7 15. Bxf6 gxf6 16. f3 Rfc8 17. Rac1 Rc7 18. Bd3 Rac8 19. Qe3 Kg7 20. Be4 h6
21. Rfd1 Bd5 22. Bb1 Qa4 23. Qd3 f5 24. Rd2 Rc4 25. g4 Qc6 26. gxf5 Rxc3 27.
Rxc3 Qxc3 28. fxe6 Qxd3 29. Bxd3 fxe6 30. Be4 Rc1+ 31. Kf2 Bc4 32. Ke3 Ra1 33.
Rg2+ Kf7 34. Rg6 Re1+ 35. Kd2 Rxe4 36. Rxh6 Re2+ 37. Kc3 Bd5 38. Rh7+ Kf6 39.
Rxa7 Rxa2 0-1

[Event "Elit(Eksjo-Vaxjo)"]
[Site "?"]
[Date "2024.01.19"]
[Round "4"]
[White "Rydstrom, Tom"]
[Black "Rajcevski, Dejan"]
[Result "1/2-1/2"]
[WhiteElo "2259"]
[BlackElo "2090"]
[PlyCount "106"]
[SourceVersionDate "2024.01.27"]

1. Nc3 d5 2. d4 Bf5 3. f3 e6 4. e4 Bg6 5. a3 a6 6. Nge2 Be7 7. Nf4 Nf6 8. Be3
dxe4 9. Nxg6 hxg6 10. fxe4 Nc6 11. Be2 e5 12. d5 Nb8 13. Qd2 Nbd7 14. O-O-O b5
15. Bf3 b4 16. axb4 Bxb4 17. Qd3 Qe7 18. h4 Bc5 19. Bg5 Qd6 20. h5 gxh5 21. g4
Rb8 22. gxh5 Bd4 23. h6 gxh6 24. Qc4 Rg8 25. Bxh6 Rg3 26. Rdf1 Nc5 27. Bf4 Rb4
28. Qxd4 Rxd4 29. Bxg3 Nfxe4 30. Rh8+ Ke7 31. Bxe4 Rxe4 32. Nxe4 Nxe4 33. Bh4+
f6 34. Rh7+ Kd8 35. Rg1 Kc8 36. Rgg7 Qc5 37. Rxc7+ Qxc7 38. Rxc7+ Kxc7 39. c4
f5 40. Kc2 a5 41. Be1 Kb6 42. Kd3 Nc5+ 43. Ke2 Ne4 44. b3 Ka6 45. Ke3 Nc5 46.
b4 axb4 47. Bxb4 Kb6 48. Bxc5+ Kxc5 49. Kd3 Kd6 50. Ke3 Kc5 51. Kd3 Kd6 52. Ke3
Kc5 53. Kd3 Kd6 1/2-1/2

[Event "Elit(Wasa-Stockholms SS)"]
[Site "?"]
[Date "2024.01.19"]
[Round "4"]
[White "Bellon Lopez, Juan"]
[Black "Cederstam, Carl"]
[Result "1/2-1/2"]
[WhiteElo "2261"]
[BlackElo "2231"]
[PlyCount "170"]
[SourceVersionDate "2024.01.26"]

1. d4 d5 2. Nf3 e6 3. Bf4 Bd6 4. e3 Nf6 5. Nbd2 O-O 6. Bg3 c5 7. c3 Qc7 8. Ne5
b6 9. a4 Nc6 10. f4 Ne7 11. Bd3 Nf5 12. Bf2 Be7 13. O-O Bb7 14. Qf3 Nd6 15. Bh4
Nfe4 16. Bxe7 Qxe7 17. Qh3 f6 18. Nef3 Rad8 19. Rfd1 Bc8 20. Qh4 Bd7 21. a5 Be8
22. axb6 axb6 23. Ra6 Bg6 24. Ne5 Be8 25. Nef3 g5 26. fxg5 fxg5 27. Qh3 h5 28.
g4 Nxd2 29. Nxd2 e5 30. dxe5 Qxe5 31. Qg3 Qe7 32. gxh5 Bxh5 33. Re1 c4 34. Bc2
Nf5 35. Bxf5 Rxf5 36. Rxb6 Kg7 37. Rc6 Rf7 38. Qh3 Rh8 39. e4 Qa7+ 40. Qe3
Qxe3+ 41. Rxe3 dxe4 42. Rg3 e3 43. Rxe3 Rd8 44. Nxc4 Rd1+ 45. Kg2 Rdf1 46. Rc5
R7f2+ 47. Kg3 Kf6 48. Rc6+ Kg7 49. Rd3 Rf7 50. Ne5 Rg1+ 51. Kh3 Re7 52. Rg3
Rxg3+ 53. Kxg3 Rxe5 54. b4 Re3+ 55. Kf2 Rh3 56. Kg2 Rd3 57. Kf2 Be8 58. Rc5 Kf6
59. b5 Rd2+ 60. Kg3 Bd7 61. c4 Rb2 62. Rc7 Be6 63. Rc6 Rb3+ 64. Kf2 Ke5 65. b6
Bg4 66. c5 Bf3 67. Rg6 g4 68. Rh6 Kf4 69. h3 Kg5 70. Rh8 Rb2+ 71. Ke3 Re2+ 72.
Kd3 g3 73. c6 Rb2 74. c7 Bb7 75. c8=Q Bxc8 76. Rxc8 g2 77. Rg8+ Kh4 78. b7 Kxh3
79. b8=Q Rxb8 80. Rxb8 g1=R 81. Rh8+ Kg2 82. Rg8+ Kh2 83. Rh8+ Kg2 84. Rg8+ Kh2
85. Rxg1 Kxg1 1/2-1/2

[Event "Elit(Vasteras-Orgryte)"]
[Site "?"]
[Date "2024.01.19"]
[Round "4"]
[White "Janse, Love"]
[Black "Eksmyr, Johan"]
[Result "1-0"]
[WhiteElo "2206"]
[BlackElo "2078"]
[PlyCount "97"]
[SourceVersionDate "2024.01.26"]

1. e4 c6 2. d4 d5 3. f3 g6 4. Nc3 Bg7 5. Be3 Be6 6. Qd2 Qa5 7. Nge2 f6 8. h4
Bf7 9. h5 Nd7 10. Nf4 e5 11. Nfe2 O-O-O 12. exd5 cxd5 13. Nc1 exd4 14. Qxd4 Re8
15. Kf2 Ne7 16. Nb3 Qc7 17. Nb5 Qxc2+ 18. Be2 Nf5 19. Nd6+ Kc7 20. Nxe8+ Rxe8
21. Bf4+ Kd8 22. Qd2 Qxd2 23. Bxd2 gxh5 24. Bd3 Bg6 25. Bxf5 Bxf5 26. Rxh5 Bd3
27. Rxd5 Re2+ 28. Kg3 Bc4 29. Rd4 Bxb3 30. axb3 f5 31. Rd3 Bxb2 32. Rxa7 Kc8
33. Ra8+ Kc7 34. Ba5+ b6 35. Ra7+ Kc6 36. Raxd7 bxa5 37. Rxh7 Be5+ 38. f4 Bf6
39. Rh6 Re6 40. Rh5 Be7 41. Rxf5 Bb4 42. Re5 Rf6 43. f5 Rf8 44. Re6+ Kc7 45.
Kf4 Ba3 46. g4 Rg8 47. Rc3+ Kb7 48. g5 Bb2 49. Rc2 1-0

[Event "Elit(Eksjo-Vaxjo)"]
[Site "?"]
[Date "2024.01.19"]
[Round "4"]
[White "Johnson, Bjorn"]
[Black "Sevastianov, Andrii"]
[Result "1-0"]
[WhiteElo "2194"]
[BlackElo "2178"]
[PlyCount "69"]
[SourceVersionDate "2024.01.27"]

1. d4 e6 2. Bf4 Nf6 3. e3 b6 4. Nd2 Bb7 5. h3 Bd6 6. Bg5 h6 7. Bxf6 Qxf6 8.
Ngf3 c5 9. Bd3 cxd4 10. exd4 Bf4 11. Ne4 Bxe4 12. Bxe4 d5 13. Bd3 O-O 14. O-O
Nc6 15. Re1 Rfc8 16. c3 Rc7 17. Qe2 g6 18. g3 Bd6 19. h4 h5 20. Kg2 Kg7 21. Bb5
Ne7 22. a4 Rb8 23. Rh1 Nf5 24. Rae1 Nh6 25. Qd2 Rd8 26. Re2 Ng4 27. Rhe1 Bf8
28. Ng5 Rd6 29. Nh3 Kh7 30. Bd3 Bh6 31. Ng5+ Kg7 32. f3 Qd8 33. fxg4 f6 34.
Rxe6 Qd7 35. Qf2 1-0

[Event "Elit(Rockaden, Sthlm-Kungstornet)"]
[Site "?"]
[Date "2024.01.19"]
[Round "4"]
[White "Cicak, Slavko"]
[Black "Hammer, Jon Ludvig"]
[Result "1/2-1/2"]
[WhiteElo "2490"]
[BlackElo "2612"]
[PlyCount "68"]
[EventDate "2024.??.??"]
[SourceVersionDate "2024.01.26"]

1. e4 c6 2. d3 d5 3. Nd2 Qc7 4. Ngf3 Bg4 5. Be2 e6 6. O-O Nf6 7. c3 Nbd7 8. Qc2
dxe4 9. dxe4 Rd8 10. Re1 Bh5 11. Nh4 Bg6 12. Nxg6 hxg6 13. g3 Bc5 14. Nf1 Qe5
15. Bf3 g5 16. Qe2 Bb6 17. Nd2 g4 18. Bg2 Qh5 19. e5 Nd5 20. Nc4 Qxh2+ 21. Kf1
Qh5 22. Nd6+ Ke7 23. c4 Nb4 24. Nxb7 Rb8 25. a3 Nxe5 26. axb4 Nf3 27. c5 Nh2+
28. Kg1 Nf3+ 29. Kf1 Qh1+ 30. Bxh1 Rxh1+ 31. Kg2 Rh2+ 32. Kf1 Rh1+ 33. Kg2 Rh2+
34. Kf1 Rh1+ 1/2-1/2

[Event "Elit(LASK-Limhamn)"]
[Site "?"]
[Date "2024.01.19"]
[Round "4"]
[White "Domingo Nunez, Ruben"]
[Black "Tikkanen, Hans"]
[Result "1-0"]
[WhiteElo "2439"]
[BlackElo "2483"]
[PlyCount "53"]
[SourceVersionDate "2024.01.27"]

1. e4 c6 2. Nf3 d5 3. Nc3 Bg4 4. h3 Bxf3 5. Qxf3 e6 6. g3 Bc5 7. Bg2 h5 8. Ne2
d4 9. c3 h4 10. b4 Bb6 11. cxd4 Bxd4 12. Nxd4 Qxd4 13. Rb1 Nf6 14. Bb2 Qxb4 15.
O-O Qe7 16. Ba3 Qc7 17. e5 Qxe5 18. Rxb7 Nfd7 19. d4 Qg5 20. Bd6 Qd5 21. Qa3
Qxd4 22. Rfb1 hxg3 23. Qxg3 Na6 24. Bxc6 O-O-O 25. Rc7+ Nxc7 26. Bb7+ Kb8 27.
Bxc7# 1-0

[Event "Elit(Rockaden, Sthlm-Kungstornet)"]
[Site "?"]
[Date "2024.01.19"]
[Round "4"]
[White "Blomqvist, Erik"]
[Black "Lyrberg, Patrik"]
[Result "1/2-1/2"]
[WhiteElo "2515"]
[BlackElo "2451"]
[PlyCount "108"]
[EventDate "2024.??.??"]
[SourceVersionDate "2024.01.26"]

1. e4 e6 2. d4 d5 3. e5 c5 4. c3 Nc6 5. Nf3 Nge7 6. Na3 Nf5 7. Nc2 Nh4 8. Nxh4
Qxh4 9. Bd3 f5 10. O-O cxd4 11. cxd4 Bd7 12. Bd2 a5 13. a3 a4 14. Re1 Na5 15.
g3 Qd8 16. g4 Nb3 17. gxf5 Qh4 18. Ne3 Nxa1 19. Ng2 Qe7 20. Qxa1 Bc6 21. Qd1
exf5 22. Bxf5 g6 23. Bg4 h5 24. Bh3 Bh6 25. Bb4 Qg7 26. Qd3 Bg5 27. Bd6 Qh6 28.
f4 Be7 29. Bxe7 Kxe7 30. Nh4 Rhg8 31. Qd2 Raf8 32. Rf1 Ke8 33. Kh1 Rg7 34. Rf2
Rgf7 35. e6 Rxf4 36. Nf5 R8xf5 37. Bxf5 g5 38. Rxf4 gxf4 39. h4 Ke7 40. Kh2 Kf6
41. Bh3 Kg7 42. Qg2+ Kf8 43. Qg5 Qxg5 44. hxg5 Kg7 45. Bf5 Bb5 46. Bc2 h4 47.
Kg2 Be2 48. Bf5 Kf8 49. g6 b6 50. Kf2 Bd1 51. Bh3 Bh5 52. Bf5 Bd1 53. Bh3 Bh5
54. Bf5 Bd1 1/2-1/2

[Event "Elit(LASK-Limhamn)"]
[Site "?"]
[Date "2024.01.19"]
[Round "4"]
[White "Holm, Kristian Stuvik"]
[Black "Garriga Cazorla, Pere"]
[Result "1-0"]
[WhiteElo "2484"]
[BlackElo "2466"]
[PlyCount "91"]
[EventDate "2024.??.??"]
[SourceVersionDate "2024.01.27"]

1. c4 g6 2. d4 Bg7 3. Nf3 Nf6 4. Nc3 c5 5. d5 d6 6. e4 O-O 7. Be2 e6 8. Be3 Ng4
9. Bg5 f6 10. Bd2 e5 11. h3 Nh6 12. Qc1 Nf7 13. g4 f5 14. Rg1 fxe4 15. Nxe4 b5
16. Nfg5 Nxg5 17. Bxg5 Qc7 18. cxb5 Bb7 19. Qd2 Nd7 20. b4 c4 21. a4 Rf4 22. f3
Raf8 23. Rf1 Kh8 24. Rc1 h6 25. Rxc4 Qb8 26. Bxf4 exf4 27. Rc6 Qd8 28. Kd1 Qe7
29. Rc7 Ba8 30. Bc4 Qd8 31. Rxa7 Be5 32. a5 Qb8 33. b6 Rc8 34. Ba6 Nxb6 35.
axb6 Qxb6 36. Bxc8 Qxa7 37. Ke2 Bxd5 38. Rc1 Bxe4 39. fxe4 Qa3 40. g5 Qg3 41.
Bg4 Qg2+ 42. Kd3 Qg3+ 43. Kc4 Qa3 44. Kb5 Qa7 45. Rc8+ Kh7 46. Qd5 1-0

[Event "Elit(Rockaden, Sthlm-Kungstornet)"]
[Site "?"]
[Date "2024.01.19"]
[Round "4"]
[White "Eriksson, Johan"]
[Black "Neiksans, Arturs"]
[Result "0-1"]
[WhiteElo "2383"]
[BlackElo "2588"]
[PlyCount "54"]
[SourceVersionDate "2024.01.26"]

1. e4 c5 2. Nf3 e6 3. g3 Nc6 4. Bg2 Nf6 5. d3 d6 6. O-O Be7 7. Re1 O-O 8. c3 b5
9. d4 Bb7 10. d5 exd5 11. exd5 Na5 12. Nh4 Qd7 13. Na3 Rfe8 14. Nc2 Nc4 15. b3
Ne5 16. Bf4 c4 17. bxc4 bxc4 18. Bxe5 dxe5 19. d6 Bf8 20. Bxb7 Qxb7 21. Ne3 Qc6
22. Qe2 Rac8 23. Rad1 Bxd6 24. Ng4 Bc5 25. Rd2 g6 26. Nxe5 Rxe5 27. Qxe5 Re8
0-1